000 00828nam a2200265Ia 4500
003 OSt
005 20220924124302.0
006 a|||||r|||| 00| 0
007 ta
008 220923b |||||||| |||| 00| 0 urd d
020 _a9788175877894 (pbk)
020 _cINR 99.00
024 _a354046
037 _bTB4995, 29/12/2021, Technical Bureau India Pvt. Ltd.
_cTextual
040 _aARTS
_cARTS
_burd
041 _2urd
_aurd
082 _aV25246.N5, 168L7;Q2
100 _aParwez Athar Au.
_9195385
245 0 _aAligarh se Aligarh tak
260 _aNew Delhi
_b NCPUL India
_c2012
300 _a199p.
_ccm.
650 _aALIGARH - HISTORY
942 _hV25246.N5, 168L7;Q2
_cTEXL
_2CC
999 _c419125
_d419125